000
00396nam a22001337a 4500
003
SGT
020
_a
9789381500552
082
_a
320
_b
S24S
100
_a
सिंह, आशुतोष
245
_a
सम -वेदना :कोरोना काल में स्वानुभूति
260
_b
सुरुचि प्रकाशन
_c
2024
300
_a
206
942
_2
ddc
_c
BK
999
_c
32065
_d
32065